Welcome to the Holygrace Academy Library

Please use search bar below to get started

BHUTAN LOKATHINTE HAPPYLAND (Record no. 6977)

MARC details
000 -LEADER
fixed length control field 00343nam a22001457a 4500
020 ## - INTERNATIONAL STANDARD BOOK NUMBER
ISBN 978-81-935871-8-8
082 ## - DEWEY DECIMAL CLASSIFICATION NUMBER
Classification number 894.812
Item number HAR/B
100 ## - MAIN ENTRY--AUTHOR NAME
Personal name HARILAL
245 ## - TITLE STATEMENT
Title BHUTAN LOKATHINTE HAPPYLAND
250 ## - EDITION STATEMENT
Edition statement SECOND EDITION
260 ## - PUBLICATION, DISTRIBUTION, ETC. (IMPRINT)
Place of publication TRIVANDRUM
Name of publisher READ ME BOOKS
Year of publication 2018
300 ## - PHYSICAL DESCRIPTION
Number of Pages 263
650 ## - SUBJECT ADDED ENTRY--TOPICAL TERM
Topical Term YATRAVIVARANAM
Geographic subdivision KERALA
942 ## - ADDED ENTRY ELEMENTS (KOHA)
Koha item type Books
Holdings
Withdrawn status Lost status Collection code Home library Current library Shelving location Date acquired Source of acquisition Cost, normal purchase price Full call number Accession Number Koha item type
    Non-fiction Main Library Main Library NEW SHELF WITH NEW ENTRY 26/10/2023 purchase 350.00 894.812 HAR/B 13162 Books